000 00322nam a22001457a 4500
008 210224b ||||| |||| 00| 0 eng d
020 _a2900205274917
041 _aeng
080 _a316
082 _a316
100 _a50
101 _aSOC
245 _aControvesial Issus in Corrections
_cFields, C
942 _2udc
_cBK
999 _c55125
_d55125